Vista normal
Vista MARC
Entrada Personal Name
Número de registros utilizados en: 1
001 - CONTROL NUMBER
- control field: 4798
003 - CONTROL NUMBER IDENTIFIER
- control field: DLC
005 - DATE AND TIME OF LATEST TRANSACTION
- control field: 20251219111539.0
008 - FIXED-LENGTH DATA ELEMENTS
- fixed length control field: 850401n| azannaabn |a aaa
010 ## - LIBRARY OF CONGRESS CONTROL NUMBER
- LC control number: n 85097443
035 ## - SYSTEM CONTROL NUMBER
- System control number: (OCoLC)oca01305050
035 ## - SYSTEM CONTROL NUMBER
- System control number: (CaEvSKY)skya2454628
040 ## - CATALOGING SOURCE
- Original cataloging agency: DLC
- Language of cataloging: spa
- Description conventions: rda
- Transcribing agency: Mx-PuUPA
- Modifying agency: DLC
- Modifying agency: OCoLC
- Modifying agency: MX-MxCID
- Modifying agency: Mx-PuUPA
046 ## - SPECIAL CODED DATES
- Birth date: 19360401
- Death date: 20250516
100 1# - HEADING--PERSONAL NAME
- Personal name: Azuela Güitrón, Mariano,
- Dates associated with a name: 1936-2025
370 ## - ASSOCIATED PLACE
- Place of birth: Ciudad de México (México)
- Source of term: naf
372 ## - FIELD OF ACTIVITY
- Field of activity: Derecho
- Source of term: lcsh
373 ## - ASSOCIATED GROUP
- Associated group: Universidad Nacional Autónoma de México
- Associated group: Mexico. Suprema Corte de Justicia
- Source of term: naf
374 ## - OCCUPATION
- Occupation: Juez
- Occupation: Autor
- Source of term: lcsh
375 ## - GENDER
- Gender: hombre
377 ## - ASSOCIATED LANGUAGE
- Language code: spa
400 1# - SEE FROM TRACING--PERSONAL NAME
- Personal name: Güitrón, Mariano Azuela
- Dates associated with a name: 1936-2025
670 ## - SOURCE DATA FOUND
- Source citation: Mexico. Tribunal Fiscal de la Federación. Jurisprudencia, Tribunal Fiscal de la Federación, 1978-1983, 1984:
- Information found: t.p. (Mariano Azuela Güitrón)
670 ## - SOURCE DATA FOUND
- Source citation: LC data base 3/25/85
- Information found: (hdg.: Azuela Güitrón, Mariano)
670 ## - SOURCE DATA FOUND
- Source citation: Wikipedia, via WWW, Nov. 05, 2015:
- Information found: (Mariano Azuela Güitrón, Distrito Federal, México, 1 de abril de 1936, es un jurista mexicano y fue ministro de la Suprema Corte de Justicia de la Nación, fue el presidente del máximo tribunal de justicia del 2 de enero de 2003 al 2 de enero de 2007, Licenciatura en Derecho por la Facultad de Derecho de la Universidad Nacional Autónoma de México)
- Uniform Resource Identifier: https://es.wikipedia.org/wiki/Mariano_Azuela_G%C3%BCitr%C3%B3n